000 00626nam a2200181Ia 4500
008 100921s9999 xx 000 0 und d
082 _b27830
_a891.463 थ 95
100 _aदेसाई नयनतारा.
245 _aनातिचरामि.
260 _bसुशील प्रकाशन, पुणे.
_c1995
300 _a140
_bरसिक साहित्य,पुणे
365 _b85
520 _aललित-कादंबरी.
630 _aनातिचरामि.
650 _aललित-कादंबरी.
730 _aनातिचरामि.
942 _cBOOK
999 _c776943
_d776940